000
00218 a2200097 4500
001
7447
100
_a
Griesbach, H
245
_a
Deutsche Sprachlehre fur Auslander (german)
260
_a
_b
Max
_c
090
_c
5985
_d
5985
942
_a
NUST-CAE
_c
M
_c
32472
999
_c
242520
_d
242520